000 00245nmm a2200085Ia 4500
008 220120s9999||||xx |||||||||||||||||und||
100 _aCHIP magazine
245 0 _aMarch 2011 : office apps pack, red hat, full games, games de
260 _aInfomedia18
999 _c139657
_d139657